| 000 | 00937cam a2200253 a 4500 | ||
|---|---|---|---|
| 001 | 000024953 | ||
| 005 | 20200930023454.0 | ||
| 008 | 901219s1970 ec 000 | spa d | ||
| 040 |
_aDO-SdBNP _bspa _cBNPHU |
||
| 082 |
_a207 _bM691a |
||
| 100 | 1 |
_aEspejo, Eugenio, _d1747-1795 _qJavier Eugenio Santa Cruz y Espejo _951214 |
|
| 245 | 1 | 3 |
_aEl nuevo Luciano de Quito / _cEugenio Espejo ; introducción Hernán Rodríguez Castelo. |
| 260 |
_aQuito, (Ecuador) : _bPublicaciones Educativas "Ariel", _c1970. |
||
| 300 |
_a2 v. ; _c18 cm. |
||
| 490 | 1 |
_aClásicos Ariel _v73 |
|
| 490 | 1 | _aBiblioteca de Autores Ecuatorianos | |
| 500 | _aLa biblioteca posee el volumen 2 | ||
| 650 | 4 |
_aTeología dogmática _93542 |
|
| 650 | 4 |
_aVirgen maría _95158 |
|
| 650 | 4 |
_aSectas medievales _951215 |
|
| 700 | 1 |
_aRodríguez Castelo, Hernán _eintr. _94689 |
|
| 830 | 0 |
_aClásicos Ariel, _pBiblioteca de Autores Ecuatorianos, _v73 _941875 |
|
| 049 | _aBNGR | ||
| 999 |
_c24446 _d24446 |
||